| 000 | 00560ntaaa2200217 4500 | ||
|---|---|---|---|
| 003 | 01 | ||
| 005 | 20251027202552.0 | ||
| 008 | 0714s1973 ag 01 | ||
| 040 |
_aAR-BaBN _bspa _cAR-BaBN _eaacr _dRIC |
||
| 082 | _a301.4260 K89 | ||
| 100 |
_aKieger de Nunn, Ruby A _924762 |
||
| 245 | _aEntre azahares e ilusiones | ||
| 250 | _a1 ed. | ||
| 260 |
_aCórdoba : _bEl Amanecer, _c1962 |
||
| 300 | _a128 p | ||
| 500 | _aEj. 1 (13849) libro perdido y pagado 8/77 | ||
| 650 | _aamor-matrimonio | ||
| 650 | _amatrimonio | ||
| 650 |
_anoviazgo _97333 |
||
| 942 | _cBK | ||
| 999 |
_c20762 _d20762 |
||